Central Library OPAC University of Rajshahi

Antisemitism in the United States / (Record no. 34791)

MARC details
000 -LEADER
fixed length control field 00752nam a22002532 4500
001 - CONTROL NUMBER
control field 34791
003 - CONTROL NUMBER IDENTIFIER
rucl marc code BD-RjUL
005 - DATE AND TIME OF LATEST TRANSACTION
control field 20211209052219.0
008 - FIXED-LENGTH DATA ELEMENTS--GENERAL INFORMATION
fixed length control field 140519s1971 nyuab b 000 0 eng d
020 ## - INTERNATIONAL STANDARD BOOK NUMBER
International Standard Book Number 0030833736
035 ## - SYSTEM CONTROL NUMBER
System control number OCLC ocm00161208 from D970510M
-- (BD-RjUL)34885
040 ## - CATALOGING SOURCE
Original cataloging agency DLC
Transcribing agency DLC
Modifying agency BD-RjUL
Language of cataloging eng
041 ## - LANGUAGE CODE
Language code of text/sound track or separate title eng
082 ## - DEWEY DECIMAL CLASSIFICATION NUMBER
Classification number 301.451924073
Author mark and year DIA 19771
100 1# - MAIN ENTRY--PERSONAL NAME
Personal name Dinnerstein, Leonard.
9 (RLIN) 84187
245 10 - TITLE STATEMENT
Title Antisemitism in the United States /
260 ## - PUBLICATION, DISTRIBUTION, ETC. (IMPRINT)
Place of publication, distribution, etc. New York :
Name of publisher, distributor, etc. Holt, Rinehart and Winston,
Date of publication, distribution, etc. 1971.
300 ## - PHYSICAL DESCRIPTION
Pagination [4] 140 p. :
Illustrations illus., map. ;
Size 24 cm.
490 0# - SERIES STATEMENT
Series statement American problem studies
650 #0 - SUBJECT ADDED ENTRY--TOPICAL TERM
Topical term or geographic name as entry element Antisemitism
Geographic subdivision United States.
9 (RLIN) 105894
942 ## - ADDED ENTRY ELEMENTS (KOHA)
Source of classification or shelving scheme Dewey Decimal Classification
Koha item type Books
Holdings
Lost status Source of classification or shelving scheme Damaged status Not for loan Collection code Permanent Location Current Location Shelving location Date acquired Source of acquisition Cost, normal purchase price Total Checkouts Full call number Date last seen Copy number Koha item type
  Dewey Decimal Classification   Not For Loan Non-fiction Central Library, University of Rajshahi Central Library, University of Rajshahi Reading Room 21/07/1989 Natherland 0.00   301.451924073 DIA 1977 19/05/2014 C-1 Books